00825nam a22002537a 45000010005000000030006000050050017000110080041000280200018000690400029000870500017001160820010001331000019001432450053001622600042002153000049002574900031003065050008003375200104003455210020004495210020004696500040004897000042005298308FISKH20250909134915.0250908b cb ||||| |||| 00| 0 eng d a9780516263137 aFISKHbengcFISKHdFISKH aBM693.H5 M39 a296.4 aMarx, David F. aRosh Hashanah and Yom Kippur /cBy David F. Marx aNew York : bChildren's Press,c2001. a31 pages : bcolor illustrations ;c18 cm .  aRookie read-about holidays aR  aDiscusses the importance and celebration of the Jewish High Holidays, Rosh Hashanah and Yom Kippur.8 a730 bLexile 8 aR bRaz-Plus  aHigh HolidaysvJuvenile Literature  aAnderson, CarolineePhoto Researcher